LEADER 01160nam0 22002891i 450 001 UON00259184 005 20231205103705.171 010 $a08-692-2764-5 100 $a20041129d2004 |0itac50 ba 101 $aeng 102 $aZW 105 $a|||| ||||| 200 1 $aOrality and cultural identities in Zimbabwe$fedited by Maurice Taonezvi Vambe 205 $aRistampa 210 $aGweru$cMambo Press$d2004 215 $axii, 127 p.$d22 cm 606 $aZIMBABWE$xStoria$3UONC025384$2FI 620 $dGweru$3UONL001868 676 $a968.9$cSTORIA DELLO ZIMBABWE$v21 702 1$aVAMBE$bMaurice Taonezvi$3UONV152406 712 $aMambo Press$3UONV256770$4650 801 $aIT$bSOL$c20240220$gRICA 912 $aUON00259184 950 $aSIBA - SISTEMA BIBLIOTECARIO DI ATENEO$dSI AA ST 408 $eSI AA 26930 5 408 950 $aSIBA - SISTEMA BIBLIOTECARIO DI ATENEO$dSI AA ST 408 bis $eSI AA 27046 5 408 bis 996 $aOrality and cultural identities in Zimbabwe$91237819 997 $aUNIOR LEADER 04498nam 22007095 450 001 9910370247703321 005 20240313122604.0 010 $a9783030360085 010 $a3030360083 024 7 $a10.1007/978-3-030-36008-5 035 $a(CKB)4940000000158806 035 $a(MiAaPQ)EBC6005507 035 $a(DE-He213)978-3-030-36008-5 035 $a(PPN)259458961 035 $a(Perlego)3480344 035 $a(EXLCZ)994940000000158806 100 $a20200103d2020 u| 0 101 0 $aeng 135 $aurcnu|||||||| 181 $ctxt$2rdacontent 182 $cc$2rdamedia 183 $acr$2rdacarrier 200 10$aChanging Urban Renewal Policies in China $ePolicy Transfer and Policy Learning under Multiple Hierarchies /$fby Giulia C. Romano 205 $a1st ed. 2020. 210 1$aCham :$cSpringer International Publishing :$cImprint: Palgrave Macmillan,$d2020. 215 $a1 online resource (254 pages) 311 08$a9783030360078 311 08$a3030360075 327 $a1 Studying the Transfer and Learning of Careful Urban Renewal in a Chinese City -- 2 A Research Framework to Capture the Complexity of Policy Transfers -- 3 The Chinese Paradigm of Urban Renewal in the Early 2000s -- 4 Introducing a New Paradigm: The Delivery of Careful Urban Renewal to Yangzhou -- 5 Towards the Establishment of a New Urban Renewal Paradigm -- 6 Neither Careful Nor Destructive: Is Urban Renewal in Transition? -- 7 Conclusion. 330 $a"This is a very rich monograph, based on impressive fieldwork in China, which demonstrates excellent qualitative and ethnographic research skills, research integrity, and cultural perceptiveness in the analysis. This book will make a great contribution to the literature on policy transfer and and policy mobilities, and on urban politics in contemporary China, as it offers a rich understanding of the nitty-gritty practices of transferring and learning 'from abroad'." Claire Colomb, Professor of Urban Studies and Planning at the University College London, UK. This book explores the concept of Careful Urban Renewal, a concept of urban renewal that originated in Berlin in the 1980s and that was proposed to Yangzhou, a Chinese city of the wealthy province of Jiangsu, in the early 2000s. It sets out to understand whether knowledge and ideas originating in a specific setting can be transferred to another locality thousands of miles awayfrom the point of origin, and have the chance to change the policies and the practices of the destination city. The book shows that foreign ideas can inspire ambitious reforms of the policies of a single city, but that there also exist multiple challenges to policy learning and to the rooting of new ideas in local practices. To explore these challenges, this book develops an analysis of the micro-dynamics of policy transfer, showing that there exist multiple hierarchies to which a Chinese city can be subjected, intermittently opening or closing "windows for policy learning". Giulia C. Romano is Researcher at the Institute of East-Asian Studies of the University of Duisburg-Essen, Germany. Her research focuses on policy diffusion in the field of urban governance and she has researched Political Science at Sciences Po - Paris. Her previous book (with Jean-François Di Meglio) is China's Energy Security: A Multidimensional Perspective (2016). 606 $aPolitical planning 606 $aPolitical science 606 $aAsia$xPolitics and government 606 $aExecutive power 606 $aEconomic development 606 $aPublic Policy 606 $aPolitical Science 606 $aAsian Politics 606 $aExecutive Politics 606 $aGovernance and Government 606 $aDevelopment Studies 615 0$aPolitical planning. 615 0$aPolitical science. 615 0$aAsia$xPolitics and government. 615 0$aExecutive power. 615 0$aEconomic development. 615 14$aPublic Policy. 615 24$aPolitical Science. 615 24$aAsian Politics. 615 24$aExecutive Politics. 615 24$aGovernance and Government. 615 24$aDevelopment Studies. 676 $a307.760951 676 $a307.760951 700 $aRomano$b Giulia C$4aut$4http://id.loc.gov/vocabulary/relators/aut$0882881 801 0$bMiAaPQ 801 1$bMiAaPQ 801 2$bMiAaPQ 906 $aBOOK 912 $a9910370247703321 996 $aChanging Urban Renewal Policies in China$91972322 997 $aUNINA